[Event "DLM 2011"]
[Site "Xanten GER"]
[Date "2011.11.01"]
[Round "4"]
[White "Dann, Matthias"]
[Black "Schulz, Jens"]
[Result "1-0"]
[Termination "normal"]
[Board "1.1"]
[WhiteTitle "FM"]
[WhiteElo "2379"]
[BlackElo "2186"]
[WhiteTeam "Rheinland-Pfalz"]
[BlackTeam "Niedersachsen"]
[PlyCount "81"]
[WhiteFideId "24638056"]
[BlackFideId "24675687"]
[EventCountry "GER"]
[EventRounds "7"]
[EventType "team-swiss"]
[EventDate "2011.10.30"]

1. e4 c5 2. Ne2 Nc6 3. d4 cxd4 4. Nxd4 Nf6 5. Nc3 d6 6. Bg5 e6 7. Qd2 a6 8.
O-O-O Bd7 9. f3 Be7 10. h4 b5 11. Nxc6 Bxc6 12. Ne2 Qc7 13. Nd4 Bb7 14. h5 h6
15. Be3 Nd7 16. Kb1 Ne5 17. Qe1 O-O 18. Rg1 Nc4 19. Bxc4 bxc4 20. g4 d5 21. g5
hxg5 22. Bxg5 dxe4 23. fxe4 Kh7 24. e5 Bc5 25. Rg4 Rab8 26. Bc1 Rg8 27. Qe3
Rbd8 28. Rdg1 Bf8 29. Nf3 Bxf3 30. Qxf3 Bc5 31. Rf1 Qxe5 32. Qxf7 Rdf8 33. Qg6+
Kh8 34. Rxf8 Rxf8 35. h6 Rb8 36. hxg7+ Kg8 37. Qh6 Kf7 38. g8=Q+ Rxg8 39. Qh7+
Rg7 40. Rxg7+ Qxg7 41. Qh5+ 1-0

[Event "DLM 2011"]
[Site "Xanten GER"]
[Date "2011.11.01"]
[Round "4"]
[White "Kyas, Philipp"]
[Black "Grünter, Martin"]
[Result "1-0"]
[Termination "normal"]
[Board "1.2"]
[WhiteElo "2100"]
[BlackElo "2242"]
[WhiteTeam "Niedersachsen"]
[BlackTeam "Rheinland-Pfalz"]
[PlyCount "53"]
[WhiteFideId "24670936"]
[BlackFideId "24640352"]
[EventCountry "GER"]
[EventRounds "7"]
[EventType "team-swiss"]
[EventDate "2011.10.30"]

1. d4 Nf6 2. c4 e6 3. Nc3 Bb4 4. e3 O-O 5. Bd3 d5 6. cxd5 exd5 7. Nf3 c6 8. O-O
Bg4 9. Be2 Nbd7 10. Qb3 Qb6 11. Bd2 Bd6 12. Qc2 Rae8 13. h3 Bh5 14. Rae1 Bg6
15. Bd3 Bxd3 16. Qxd3 Ne4 17. Qc2 f5 18. Na4 Qd8 19. b4 g5 20. Nc5 Ndxc5 21.
dxc5 Bc7 22. Nd4 g4 23. f3 gxh3 24. fxe4 Qg5 25. Bc3 dxe4 26. Qb3+ Rf7 27.
Qxf7+ 1-0

[Event "DLM 2011"]
[Site "Xanten GER"]
[Date "2011.11.01"]
[Round "4"]
[White "Carow, Johannes"]
[Black "Schreiner, Till"]
[Result "1/2-1/2"]
[Termination "normal"]
[Board "1.3"]
[WhiteElo "2172"]
[BlackElo "2150"]
[WhiteTeam "Rheinland-Pfalz"]
[BlackTeam "Niedersachsen"]
[PlyCount "57"]
[WhiteFideId "24692050"]
[BlackFideId "24675555"]
[EventCountry "GER"]
[EventRounds "7"]
[EventType "team-swiss"]
[EventDate "2011.10.30"]

1. d4 Nf6 2. c4 g6 3. Nc3 Bg7 4. e4 d6 5. f3 O-O 6. Be3 c5 7. d5 e6 8. Nge2
exd5 9. cxd5 a6 10. a4 Nbd7 11. Ng3 Ne5 12. Be2 Bd7 13. O-O b5 14. axb5 axb5
15. Rxa8 Qxa8 16. Bxb5 Bxb5 17. Nxb5 Qa6 18. Na3 Rb8 19. Qc2 Nfd7 20. Rb1 Nb6
21. Bc1 Nd3 22. Ne2 Nxd5 23. exd5 Nxc1 24. Qxc1 Qxe2 25. Nc4 Qd3 26. Nxd6 Bd4+
27. Kh1 Rxb2 28. Rxb2 Bxb2 29. Qxc5 1/2-1/2

[Event "DLM 2011"]
[Site "Xanten GER"]
[Date "2011.11.01"]
[Round "4"]
[White "Koop, Thorben"]
[Black "Yankelevich, Lev"]
[Result "1-0"]
[Termination "normal"]
[Board "1.4"]
[WhiteElo "2098"]
[BlackElo "2072"]
[WhiteTeam "Niedersachsen"]
[BlackTeam "Rheinland-Pfalz"]
[PlyCount "56"]
[WhiteFideId "24661619"]
[BlackFideId "24684074"]
[EventCountry "GER"]
[EventRounds "7"]
[EventType "team-swiss"]
[EventDate "2011.10.30"]

1. Nf3 Nf6 2. g3 d5 3. Bg2 Bf5 4. O-O c6 5. d3 h6 6. c3 e6 7. Qb3 Qb6 8. Be3 c5
9. Na3 Nc6 10. Rfc1 Be7 11. Qxb6 axb6 12. c4 d4 13. Bf4 Nd7 14. Nb5 Kd8 15. Bd6
Bh7 16. a3 Na7 17. Nd2 Bxd6 18. Nxd6 Kc7 19. Nb5+ Nxb5 20. cxb5 e5 21. b4 f5
22. a4 Rhe8 23. bxc5 Bg8 24. c6 Nc5 25. cxb7 Ra5 26. Bc6 Rd8 27. Nc4 Bxc4 28.
Rxc4 Kb8 1-0

[Event "DLM 2011"]
[Site "Xanten GER"]
[Date "2011.11.01"]
[Round "4"]
[White "Perske, Thore"]
[Black "Kickert, Germaine Helene"]
[Result "1/2-1/2"]
[Termination "normal"]
[Board "1.5"]
[WhiteElo "1909"]
[BlackElo "1998"]
[WhiteTeam "Rheinland-Pfalz"]
[BlackTeam "Niedersachsen"]
[PlyCount "110"]
[WhiteFideId "12902195"]
[BlackFideId "24614890"]
[EventCountry "GER"]
[EventRounds "7"]
[EventType "team-swiss"]
[EventDate "2011.10.30"]

1. e4 c5 2. Nf3 Nc6 3. d4 cxd4 4. Nxd4 Nf6 5. Nc3 e6 6. Ndb5 Bc5 7. Bf4 O-O 8.
Be2 a6 9. Bd6 Bxd6 10. Nxd6 b5 11. a3 Qb6 12. Qd2 Ne8 13. Rd1 Nxd6 14. Qxd6 Bb7
15. O-O Rad8 16. Kh1 b4 17. Na4 Qa5 18. Nc5 Bc8 19. Rd3 f5 20. Bf3 Rf7 21. exf5
Rxf5 22. Nb3 Qe5 23. Bxc6 Rxf2 24. Kg1 Rdf8 25. Bf3 Qxd6 26. Rxd6 Rxc2 27. Rf2
Rc4 28. a4 Rcf4 29. Nc5 g5 30. h3 h5 31. Re2 g4 32. Be4 g3 33. Re1 Rf2 34. Nd3
Rd2 35. Rf1 a5 36. Rxf8+ Kxf8 37. Kf1 Ke7 38. Ke1 Rxb2 39. Rxe6+ Kxe6 40. Nxb2
Ke5 41. Bf3 h4 42. Nc4+ Kd4 43. Nxa5 Kc3 44. Ke2 b3 45. Nxb3 Kxb3 46. Ke3 d5
47. Bxd5+ Kxa4 48. Kf4 Kb4 49. Kg5 Bxh3 50. gxh3 Kc5 51. Bg2 Kd6 52. Kxh4 Ke7
53. Kh5 Kf7 54. Kh6 Kg8 55. h4 Kh8 1/2-1/2

[Event "DLM 2011"]
[Site "Xanten GER"]
[Date "2011.11.01"]
[Round "4"]
[White "Rethmann, Kristin"]
[Black "Schwarz, Larissa"]
[Result "0-1"]
[Termination "normal"]
[Board "1.6"]
[WhiteElo "1820"]
[BlackElo "1807"]
[WhiteTeam "Niedersachsen"]
[BlackTeam "Rheinland-Pfalz"]
[PlyCount "100"]
[WhiteFideId "24655805"]
[BlackFideId "24699004"]
[EventCountry "GER"]
[EventRounds "7"]
[EventType "team-swiss"]
[EventDate "2011.10.30"]

1. e4 c5 2. Nf3 e6 3. d4 cxd4 4. Nxd4 a6 5. Bd3 Qc7 6. O-O Nf6 7. Nc3 b5 8. a4
b4 9. Na2 Be7 10. Kh1 Bb7 11. Qe2 Nc6 12. Nb3 d5 13. exd5 Nxd5 14. Bd2 Bd6 15.
Qg4 Be5 16. c3 bxc3 17. Nxc3 Nxc3 18. Bxc3 Bxc3 19. bxc3 O-O 20. f4 Ne7 21.
Rac1 Nd5 22. Qh4 h6 23. Rf3 Qd8 24. Qxd8 Rfxd8 25. Na5 Rd7 26. Nxb7 Rxb7 27. c4
Rc7 28. c5 Nb4 29. Bb1 Rac8 30. Rfc3 Nd5 31. R3c2 Nxf4 32. Rc4 Nd5 33. a5 Rb8
34. c6 Rb5 35. Rc5 Rxc5 36. Rxc5 Ne7 37. Be4 f5 38. Bf3 Kf7 39. h3 Kf6 40. g4
g6 41. Kg2 e5 42. gxf5 gxf5 43. Kg3 e4 44. Be2 Rxc6 45. Rxc6+ Nxc6 46. Bxa6
Nxa5 47. Kf4 Nc6 48. h4 Ne7 49. Bb7 Ng6+ 50. Kg3 Ke5 0-1

[Event "DLM 2011"]
[Site "Xanten GER"]
[Date "2011.11.01"]
[Round "4"]
[White "Röhlich, Anna"]
[Black "Sieber, Fiona"]
[Result "0-1"]
[Termination "normal"]
[Board "1.7"]
[WhiteElo "1526"]
[BlackElo "1720"]
[WhiteTeam "Rheinland-Pfalz"]
[BlackTeam "Niedersachsen"]
[PlyCount "122"]
[BlackFideId "12902373"]
[EventCountry "GER"]
[EventRounds "7"]
[EventType "team-swiss"]
[EventDate "2011.10.30"]

1. e4 c5 2. Nc3 Nc6 3. g3 g6 4. Bg2 Bg7 5. d3 d6 6. f4 e6 7. Nf3 Nge7 8. O-O
O-O 9. Be3 b6 10. d4 Ba6 11. Rf2 cxd4 12. Nxd4 Rc8 13. Qd2 Na5 14. Rd1 Nc4 15.
Qc1 Nxe3 16. Qxe3 Qd7 17. Rfd2 Rfd8 18. Bf1 Bxf1 19. Kxf1 e5 20. Ndb5 Qh3+ 21.
Kg1 exf4 22. Qf2 fxg3 23. Qxg3 Qe6 24. Qf3 Be5 25. Nxa7 Rc5 26. Nab5 f5 27. Nd4
Qf6 28. exf5 Bxd4+ 29. Rxd4 Rxf5 30. Qe2 Nc6 31. R4d3 Ne5 32. Re3 Rf8 33. Ne4
Qh4 34. Rg3 Nf3+ 35. Kh1 Nxh2 36. Qxh2 Qxe4+ 37. Qg2 Rf1+ 38. Rxf1 Rxf1+ 39.
Kh2 Qh4+ 40. Qh3 Rf2+ 41. Kg1 Qxh3 42. Rxh3 Rxc2 43. Rb3 Rc6 44. Kf2 Kf7 45.
Ke3 Ke6 46. Kf4 h6 47. Re3+ Kf6 48. Ke4 Rc5 49. Rd3 Ke6 50. Rb3 b5 51. Kd4 Re5
52. Rg3 Kf6 53. Rc3 Rc5 54. Rb3 h5 55. Rh3 Ke6 56. a3 Rc4+ 57. Kd3 Kd5 58. Rh1
Rg4 59. Kc3 Kc5 60. Kb3 h4 61. Rh3 Rg3+ 0-1

[Event "DLM 2011"]
[Site "Xanten GER"]
[Date "2011.11.01"]
[Round "4"]
[White "Rätzke von Stoventin, Steffen"]
[Black "Sanati, Charlotte"]
[Result "1-0"]
[Termination "normal"]
[Board "1.8"]
[WhiteElo "1712"]
[BlackElo "1421"]
[WhiteTeam "Niedersachsen"]
[BlackTeam "Rheinland-Pfalz"]
[PlyCount "91"]
[WhiteFideId "1270499"]
[BlackFideId "12907707"]
[EventCountry "GER"]
[EventRounds "7"]
[EventType "team-swiss"]
[EventDate "2011.10.30"]

1. d4 d5 2. Bg5 c6 3. e3 Qb6 4. Qc1 Bf5 5. Nf3 Nd7 6. Nbd2 e6 7. c4 h6 8. Bh4
Ngf6 9. c5 Qa5 10. a3 Be7 11. Be2 O-O 12. b4 Qd8 13. Bg3 Ne4 14. Nxe4 Bxe4 15.
a4 a6 16. O-O Nf6 17. Nd2 Qd7 18. Nb1 Rfe8 19. Nc3 Bf5 20. Bf3 Bd3 21. Rd1 Bf5
22. a5 Qc8 23. Na4 Nd7 24. Be2 Bf6 25. Qb2 Qd8 26. Bd6 Be7 27. f4 Bxd6 28. cxd6
Nf6 29. Nc5 Rb8 30. Bxa6 Qc8 31. Be2 Qd8 32. a6 bxa6 33. Rxa6 Rb6 34. Rda1 Rxa6
35. Rxa6 Qc8 36. g4 Bg6 37. g5 hxg5 38. fxg5 Nd7 39. Ra7 Nxc5 40. bxc5 Rd8 41.
Ba6 Qb8 42. Qxb8 Rxb8 43. Rb7 Ra8 44. d7 Rd8 45. Rc7 Kh7 46. Bb7 1-0

[Event "DLM 2011"]
[Site "Xanten GER"]
[Date "2011.11.01"]
[Round "4"]
[White "Savchenko, Aleksij"]
[Black "Hahn, Markus"]
[Result "1/2-1/2"]
[Termination "normal"]
[Board "2.1"]
[WhiteElo "2251"]
[BlackElo "2167"]
[WhiteTeam "Nordrhein-Westfalen 1"]
[BlackTeam "Hessen"]
[PlyCount "73"]
[WhiteFideId "24611727"]
[BlackFideId "24654647"]
[EventCountry "GER"]
[EventRounds "7"]
[EventType "team-swiss"]
[EventDate "2011.10.30"]

1. d4 e6 2. Nf3 Nf6 3. Bg5 c5 4. e3 b6 5. Bd3 Bb7 6. Nbd2 d6 7. c3 Be7 8. Qe2
O-O 9. O-O Nc6 10. a4 Rc8 11. Rfb1 Rc7 12. Nc4 Re8 13. Bxf6 Bxf6 14. b4 cxd4
15. cxd4 Ne7 16. Rd1 g6 17. Rac1 Bg7 18. Na3 Qb8 19. Rxc7 Qxc7 20. Nb5 Qb8 21.
Rc1 Nd5 22. Qd2 a6 23. Na3 Rc8 24. b5 a5 25. Rxc8+ Qxc8 26. Qc2 Qxc2 27. Bxc2
Nb4 28. Nd2 Nxc2 29. Nxc2 d5 30. f4 Kf8 31. Nf3 Ke7 32. Nce1 f6 33. Nd3 Bc8 34.
Kf2 Bd7 35. h3 h6 36. g4 g5 37. Kg3 1/2-1/2

[Event "DLM 2011"]
[Site "Xanten GER"]
[Date "2011.11.01"]
[Round "4"]
[White "Hahn, Florian"]
[Black "Kahleys, Kevin"]
[Result "0-1"]
[Termination "normal"]
[Board "2.2"]
[WhiteElo "2028"]
[BlackElo "2157"]
[WhiteTeam "Hessen"]
[BlackTeam "Nordrhein-Westfalen 1"]
[PlyCount "80"]
[WhiteFideId "24659720"]
[BlackFideId "24669601"]
[EventCountry "GER"]
[EventRounds "7"]
[EventType "team-swiss"]
[EventDate "2011.10.30"]

1. d4 d5 2. c4 c6 3. Nf3 Nf6 4. Nbd2 g6 5. g3 Bg7 6. Bg2 O-O 7. O-O Bf5 8. b3
Qb6 9. Bb2 a5 10. Nh4 Be6 11. c5 Qc7 12. a3 Na6 13. Rc1 Qc8 14. Re1 Nc7 15.
Nhf3 Bf5 16. Ne5 Rd8 17. Ndf3 h6 18. Nh4 Bh3 19. Bh1 Ne6 20. Qc2 Ng5 21. b4
axb4 22. axb4 Nge4 23. Ra1 Qe6 24. b5 g5 25. Nhf3 cxb5 26. c6 Rxa1 27. Rxa1
bxc6 28. Qxc6 Qf5 29. Qc7 Re8 30. Nd3 Ng4 31. Qc6 Rc8 32. Ra8 Rxa8 33. Qxa8+
Kh7 34. Qa1 Qc8 35. Qb1 Kg8 36. Bg2 Bxg2 37. Kxg2 Qc4 38. h3 Ngxf2 39. Nxf2
Qxe2 40. Qg1 Qxb2 0-1

[Event "DLM 2011"]
[Site "Xanten GER"]
[Date "2011.11.01"]
[Round "4"]
[White "Tran, Duc Cuong"]
[Black "Höpfner, Tim"]
[Result "1-0"]
[Termination "normal"]
[Board "2.3"]
[WhiteElo "2034"]
[BlackElo "1967"]
[WhiteTeam "Nordrhein-Westfalen 1"]
[BlackTeam "Hessen"]
[PlyCount "99"]
[WhiteFideId "24689718"]
[BlackFideId "4638310"]
[EventCountry "GER"]
[EventRounds "7"]
[EventType "team-swiss"]
[EventDate "2011.10.30"]

1. Nf3 Nf6 2. d4 c5 3. g3 g6 4. Bg2 Bg7 5. O-O O-O 6. c4 Qc7 7. b3 b6 8. Bb2
cxd4 9. Nxd4 Bb7 10. Nf3 d6 11. Nc3 a6 12. Rc1 e6 13. e3 Rd8 14. Qe2 Nbd7 15.
Rfd1 Rac8 16. Rc2 Nc5 17. Rdc1 Qb8 18. Nd2 Bxg2 19. Kxg2 Qb7+ 20. f3 Qd7 21. b4
Nb7 22. Nb3 Rc7 23. b5 a5 24. Na4 d5 25. Be5 Rxc4 26. Nxb6 Rxc2 27. Rxc2 Qe8
28. Bc7 Bf8 29. Bxd8 Qxd8 30. Na4 Nd6 31. Qd3 Qb8 32. Nd4 Nd7 33. Qc3 Nc4 34.
Nb2 Bb4 35. Qd3 Nde5 36. Qe2 Na3 37. Rc1 Qb6 38. Na4 Qb8 39. Nc6 Qd6 40. Nxe5
Qxe5 41. Rc8+ Kg7 42. b6 Nc4 43. b7 Bd6 44. e4 h5 45. Qd3 dxe4 46. Qxc4 exf3+
47. Kxf3 Qf5+ 48. Kg2 h4 49. Qd4+ e5 50. Qxh4 1-0

[Event "DLM 2011"]
[Site "Xanten GER"]
[Date "2011.11.01"]
[Round "4"]
[White "Keller, Peter"]
[Black "Schröder, Kevin"]
[Result "1/2-1/2"]
[Termination "normal"]
[Board "2.4"]
[WhiteElo "1957"]
[BlackElo "2042"]
[WhiteTeam "Hessen"]
[BlackTeam "Nordrhein-Westfalen 1"]
[PlyCount "45"]
[WhiteFideId "1272105"]
[BlackFideId "12929840"]
[EventCountry "GER"]
[EventRounds "7"]
[EventType "team-swiss"]
[EventDate "2011.10.30"]

1. e4 c5 2. Nf3 d6 3. d4 cxd4 4. Nxd4 Nf6 5. Nc3 a6 6. Bc4 e6 7. Bb3 Be7 8. g4
d5 9. exd5 Nxd5 10. Nxd5 exd5 11. Nf5 Bxf5 12. gxf5 Bf6 13. Qe2+ Kf8 14. c3 Nc6
15. Be3 d4 16. cxd4 Nxd4 17. Bxd4 Qxd4 18. O-O Re8 19. Qc4 Qxc4 20. Bxc4 g6 21.
Rfe1 Kg7 22. Rad1 b5 23. Bb3 1/2-1/2

[Event "DLM 2011"]
[Site "Xanten GER"]
[Date "2011.11.01"]
[Round "4"]
[White "Meyers, Mark"]
[Black "Schmalhorst, Sophia"]
[Result "1-0"]
[Termination "normal"]
[Board "2.5"]
[WhiteElo "1808"]
[BlackElo "1879"]
[WhiteTeam "Nordrhein-Westfalen 1"]
[BlackTeam "Hessen"]
[PlyCount "51"]
[WhiteFideId "12927716"]
[BlackFideId "24682497"]
[EventCountry "GER"]
[EventRounds "7"]
[EventType "team-swiss"]
[EventDate "2011.10.30"]

1. Nf3 Nf6 2. c4 e6 3. g3 b6 4. Bg2 Bb7 5. Nc3 Be7 6. d4 O-O 7. O-O d5 8. cxd5
exd5 9. Bf4 a6 10. Rc1 c5 11. dxc5 Bxc5 12. Qb3 Nc6 13. Na4 Na5 14. Qd3 Rc8 15.
Bh3 Nd7 16. Ng5 g6 17. Nxc5 Rxc5 18. b4 Rxc1 19. Rxc1 Nc4 20. Bxd7 Qxd7 21.
Rxc4 Bc6 22. Rc2 Re8 23. Qd4 h6 24. Nf3 Re4 25. Qxb6 Bb5 26. Be5 1-0

[Event "DLM 2011"]
[Site "Xanten GER"]
[Date "2011.11.01"]
[Round "4"]
[White "Sancar, Alina"]
[Black "Kuckling, Hannah"]
[Result "1/2-1/2"]
[Termination "normal"]
[Board "2.6"]
[WhiteElo "1816"]
[BlackElo "1782"]
[WhiteTeam "Hessen"]
[BlackTeam "Nordrhein-Westfalen 1"]
[PlyCount "110"]
[WhiteFideId "4624750"]
[BlackFideId "24603660"]
[EventCountry "GER"]
[EventRounds "7"]
[EventType "team-swiss"]
[EventDate "2011.10.30"]

1. e4 c5 2. Nc3 e6 3. a3 a6 4. Bc4 Nc6 5. d3 Nf6 6. Ba2 Be7 7. f4 d5 8. exd5
exd5 9. Nf3 O-O 10. O-O Bg4 11. Qd2 Bxf3 12. Rxf3 Nd4 13. Rf1 Re8 14. Qd1 b5
15. Be3 Nxc2 16. Qxc2 d4 17. Bf2 dxc3 18. bxc3 Ng4 19. Qd1 Nxf2 20. Rxf2 Bf6
21. Rc1 b4 22. Qb3 Bxc3 23. Qxf7+ Kh8 24. Rf3 Bb2 25. Rcf1 Bxa3 26. Qc4 Qd4+
27. Qxd4 cxd4 28. Bb3 Bb2 29. Kf2 Bc3 30. Rc1 Reb8 31. Rb1 Rb5 32. Kf1 Ra5 33.
Rf2 Ra3 34. Ra2 Rxa2 35. Bxa2 a5 36. Bc4 a4 37. Kf2 b3 38. g4 h6 39. h4 a3 40.
Bxb3 a2 41. Bxa2 Rxa2+ 42. Kf3 Rd2 43. Ke4 Re2+ 44. Kf5 Kh7 45. g5 g6+ 46. Kf6
Rb2 47. Rxb2 Bxb2 48. f5 gxf5 49. g6+ Kg8 50. Kxf5 Ba3 51. Kf6 Bf8 52. h5 Bg7+
53. Ke7 Be5 54. Ke6 Bf4 55. Kf6 Bg5+ 1/2-1/2

[Event "DLM 2011"]
[Site "Xanten GER"]
[Date "2011.11.01"]
[Round "4"]
[White "Gordeeva, Vitalia"]
[Black "Graf, Clara Victoria"]
[Result "1/2-1/2"]
[Termination "normal"]
[Board "2.7"]
[WhiteElo "1715"]
[BlackElo "1701"]
[WhiteTeam "Nordrhein-Westfalen 1"]
[BlackTeam "Hessen"]
[PlyCount "104"]
[WhiteFideId "24688053"]
[BlackFideId "1270339"]
[EventCountry "GER"]
[EventRounds "7"]
[EventType "team-swiss"]
[EventDate "2011.10.30"]

1. d4 Nf6 2. Nf3 g6 3. e3 Bg7 4. Be2 O-O 5. b3 d6 6. Bb2 Nbd7 7. O-O e5 8. c4
Re8 9. Nc3 exd4 10. exd4 Ne4 11. Nxe4 Rxe4 12. Bd3 Re8 13. Qc2 Nf6 14. h3 d5
15. c5 c6 16. Bc1 Ne4 17. Bf4 f6 18. Rfe1 f5 19. Ne5 Be6 20. Re2 Bf7 21. f3 Nf6
22. b4 Nh5 23. Bd2 Qh4 24. Qb2 Ng3 25. Ree1 f4 26. Nxf7 Kxf7 27. b5 Qf6 28. Bc3
Reb8 29. a4 Nf5 30. Bxf5 Qxf5 31. Re2 a6 32. Ree1 Qd3 33. b6 Re8 34. Rad1 Qf5
35. Qd2 Bf6 36. Rxe8 Rxe8 37. Re1 Rxe1+ 38. Qxe1 Qd3 39. Qa1 Bh4 40. Bb2 Bg3
41. Bc3 Kf6 42. Bb2 g5 43. Qf1 Qxf1+ 44. Kxf1 Kf5 45. Bc3 h5 46. Ke2 g4 47.
hxg4+ hxg4 48. Kf1 Kg5 49. Bd2 Kh4 50. Bc3 gxf3 51. gxf3 Kh3 52. Ke2 Kg2
1/2-1/2

[Event "DLM 2011"]
[Site "Xanten GER"]
[Date "2011.11.01"]
[Round "4"]
[White "Peter, Anton"]
[Black "Sherif, Amina"]
[Result "1-0"]
[Termination "normal"]
[Board "2.8"]
[WhiteElo "1726"]
[BlackElo "1509"]
[WhiteTeam "Hessen"]
[BlackTeam "Nordrhein-Westfalen 1"]
[PlyCount "99"]
[WhiteFideId "12901660"]
[BlackFideId "12911690"]
[EventCountry "GER"]
[EventRounds "7"]
[EventType "team-swiss"]
[EventDate "2011.10.30"]

1. d4 d5 2. c4 c6 3. Nc3 Nf6 4. Nf3 e6 5. Bg5 Nbd7 6. e3 Qa5 7. Bxf6 Nxf6 8.
Nd2 Be7 9. Bd3 O-O 10. O-O Qc7 11. Nf3 dxc4 12. Bxc4 b5 13. Bd3 Bb7 14. Qc2 h6
15. Nxb5 Qb6 16. Nc3 c5 17. Na4 Qa5 18. Nxc5 Bxc5 19. Qxc5 Qxc5 20. dxc5 Rfc8
21. b4 Rab8 22. Ne5 Bd5 23. a3 a5 24. Rab1 Kf8 25. Rfc1 Ke7 26. f3 Ba8 27. b5
Nd5 28. e4 Nf4 29. Bf1 f6 30. Nd3 Ng6 31. c6 Kd6 32. a4 Rb6 33. Rd1 Kc7 34. Nc5
Bxc6 35. Nxe6+ Kb7 36. bxc6+ Kxc6 37. Rdc1+ Kd7 38. Bb5+ Rxb5 39. axb5 Rxc1+
40. Rxc1 Kxe6 41. b6 Ne5 42. b7 Nd7 43. Rc8 Kd6 44. b8=Q+ Nxb8 45. Rxb8 Kc6 46.
Ra8 Kb5 47. Kf2 a4 48. Ke3 Kb4 49. Kd4 a3 50. Rb8+ 1-0

[Event "DLM 2011"]
[Site "Xanten GER"]
[Date "2011.11.01"]
[Round "4"]
[White "Wenninger, Philipp"]
[Black "Stanau, Guido"]
[Result "1-0"]
[Termination "normal"]
[Board "3.2"]
[WhiteElo "2143"]
[BlackElo "2035"]
[WhiteTeam "Württemberg"]
[BlackTeam "Hamburg"]
[PlyCount "99"]
[WhiteFideId "4648404"]
[BlackFideId "24692255"]
[EventCountry "GER"]
[EventRounds "7"]
[EventType "team-swiss"]
[EventDate "2011.10.30"]

1. d4 Nf6 2. Bg5 e6 3. Nf3 c5 4. e3 Nc6 5. c3 h6 6. Bh4 Be7 7. Nbd2 O-O 8. Bd3
cxd4 9. exd4 d5 10. O-O Nh5 11. Bxe7 Qxe7 12. Re1 Nf4 13. Bf1 Re8 14. g3 Ng6
15. Bg2 Bd7 16. c4 dxc4 17. Nxc4 Qb4 18. Rc1 Red8 19. a3 Qf8 20. Nfe5 Be8 21.
Nxc6 Bxc6 22. Bxc6 bxc6 23. Na5 Qd6 24. Nxc6 Rdc8 25. Qf3 Ne7 26. Nxe7+ Qxe7
27. Rxc8+ Rxc8 28. d5 Qb7 29. Rd1 Rd8 30. dxe6 Rxd1+ 31. Qxd1 fxe6 32. Qd8+ Kf7
33. Qd4 a6 34. h4 Qb5 35. a4 Qc6 36. a5 Qc1+ 37. Kh2 Qe1 38. b4 Qe2 39. Qe3 Qb2
40. Qb6 g5 41. h5 Qe2 42. b5 e5 43. bxa6 e4 44. Qg6+ Ke7 45. Qf5 Qxa6 46. Qxe4+
Kd7 47. Qd4+ Kc7 48. Qb6+ Qxb6 49. axb6+ Kxb6 50. Kh3 1-0

[Event "DLM 2011"]
[Site "Xanten GER"]
[Date "2011.11.01"]
[Round "4"]
[White "Gupta, Arijit"]
[Black "Kvetny, Mark"]
[Result "0-1"]
[Termination "normal"]
[Board "3.3"]
[WhiteElo "2030"]
[BlackElo "2125"]
[WhiteTeam "Hamburg"]
[BlackTeam "Württemberg"]
[PlyCount "82"]
[WhiteFideId "24696293"]
[BlackFideId "24603929"]
[EventCountry "GER"]
[EventRounds "7"]
[EventType "team-swiss"]
[EventDate "2011.10.30"]

1. e4 c5 2. Nf3 d6 3. d4 cxd4 4. Nxd4 Nf6 5. Nc3 a6 6. Qe2 Qb6 7. Nb3 e6 8. g4
Nc6 9. Be3 Qc7 10. g5 Nd7 11. O-O-O Be7 12. f4 b5 13. a3 Nb6 14. Nd4 Na5 15. f5
e5 16. Ndxb5 axb5 17. Qxb5+ Nd7 18. Nd5 Qb8 19. Nb6 Bxg5 20. Bxg5 Qxb6 21. Qxb6
Nxb6 22. Rxd6 Nd7 23. Bb5 f6 24. Bxf6 gxf6 25. Rhd1 Ra7 26. b4 Ke7 27. Bxd7
Rxd7 28. Rxd7+ Bxd7 29. bxa5 Bc6 30. Rg1 Bxe4 31. Rg7+ Kd6 32. Rf7 Rc8 33.
Rxf6+ Kd5 34. Rf7 Rxc2+ 35. Kd1 Rc6 36. Rxh7 Bxf5 37. Rh4 Ra6 38. Ra4 Bd7 39.
Rh4 Rxa5 40. Rh7 Bg4+ 41. Kd2 Rxa3 0-1

[Event "DLM 2011"]
[Site "Xanten GER"]
[Date "2011.11.01"]
[Round "4"]
[White "Gibicar, Danijel"]
[Black "Kramer, Julian"]
[Result "1/2-1/2"]
[Termination "normal"]
[Board "3.4"]
[WhiteElo "2061"]
[BlackElo "2047"]
[WhiteTeam "Württemberg"]
[BlackTeam "Hamburg"]
[PlyCount "121"]
[WhiteFideId "24660256"]
[BlackFideId "12921742"]
[EventCountry "GER"]
[EventRounds "7"]
[EventType "team-swiss"]
[EventDate "2011.10.30"]

1. d4 d5 2. c4 c6 3. Nf3 Nf6 4. e3 Bg4 5. Qb3 Qb6 6. Nc3 e6 7. Nh4 Be7 8. h3
Bh5 9. g4 Bg6 10. Nxg6 hxg6 11. Bg2 Na6 12. Qxb6 axb6 13. cxd5 Nxd5 14. Bd2
Nxc3 15. bxc3 b5 16. Ke2 Nc7 17. Rhb1 Ra4 18. Bf1 Nd5 19. Kf3 Nb6 20. Kg2 Kd7
21. Rb2 Kc7 22. Be2 Nc4 23. Rc2 Rha8 24. Be1 Bh4 25. Kf1 Re8 26. Bd1 Ra3 27.
Rcc1 e5 28. Bb3 e4 29. Rab1 Rf8 30. Rc2 f5 31. Kg2 Ra7 32. Re2 Ra3 33. f3 Bxe1
34. Rbxe1 Na5 35. Rb1 Kd6 36. gxf5 gxf5 37. fxe4 fxe4 38. Rf2 Rxf2+ 39. Kxf2
Nxb3 40. axb3 Ra2+ 41. Kg3 Ke6 42. c4 b4 43. Kf4 Rh2 44. Kxe4 Rxh3 45. d5+ Kd6
46. Rg1 Rh4+ 47. Kd3 cxd5 48. Rg6+ Kc5 49. cxd5 Kxd5 50. Rxg7 b5 51. Rg5+ Kc6
52. Rg6+ Kd5 53. Rg5+ Kc6 54. Rg3 Kd5 55. Rg8 Kc5 56. Rc8+ Kd6 57. Rd8+ Kc5 58.
Rc8+ Kd6 59. Rd8+ Kc5 60. Rc8+ Kd6 61. Rd8+ 1/2-1/2

[Event "DLM 2011"]
[Site "Xanten GER"]
[Date "2011.11.01"]
[Round "4"]
[White "Krüger, David"]
[Black "Schäfer, Daniela"]
[Result "0-1"]
[Termination "normal"]
[Board "3.5"]
[WhiteElo "1750"]
[BlackElo "1927"]
[WhiteTeam "Hamburg"]
[BlackTeam "Württemberg"]
[PlyCount "48"]
[WhiteFideId "12921858"]
[BlackFideId "4624769"]
[EventCountry "GER"]
[EventRounds "7"]
[EventType "team-swiss"]
[EventDate "2011.10.30"]

1. d4 d6 2. c4 g6 3. g3 Bg7 4. Bg2 Nf6 5. Nf3 O-O 6. Nc3 Nbd7 7. O-O e5 8. d5
a5 9. Qc2 Nc5 10. e4 Nh5 11. Be3 f5 12. Bxc5 dxc5 13. Nd2 Nf6 14. Nb3 Qe7 15.
Rae1 f4 16. gxf4 exf4 17. e5 Ng4 18. e6 f3 19. Qe4 fxg2 20. Qxg2 Ne5 21. Nd2
Nd3 22. Re3 Nf4 23. Qg3 Nh5 24. Qg2 Bh6 0-1

[Event "DLM 2011"]
[Site "Xanten GER"]
[Date "2011.11.01"]
[Round "4"]
[White "Zeller, Elisa"]
[Black "Lemke, Berfin"]
[Result "1-0"]
[Termination "normal"]
[Board "3.6"]
[WhiteElo "1778"]
[BlackElo "1549"]
[WhiteTeam "Württemberg"]
[BlackTeam "Hamburg"]
[PlyCount "83"]
[WhiteFideId "24662410"]
[BlackFideId "1270578"]
[EventCountry "GER"]
[EventRounds "7"]
[EventType "team-swiss"]
[EventDate "2011.10.30"]

1. e4 c5 2. Nf3 d6 3. d4 cxd4 4. Nxd4 Nf6 5. Nc3 a6 6. Be2 e5 7. Nb3 Be6 8. O-O
Be7 9. Be3 Nc6 10. Kh1 d5 11. exd5 Nxd5 12. Nxd5 Bxd5 13. c4 Be6 14. f4 exf4
15. Bxf4 O-O 16. Qe1 Bf6 17. Rd1 Qc8 18. Bd6 Re8 19. Qg3 Bf5 20. Bf3 Nd8 21.
Bd5 Bg6 22. Nd4 Qd7 23. c5 Ne6 24. c6 bxc6 25. Bxc6 Qa7 26. Nxe6 Rxe6 27. Bxa8
Qxa8 28. Bc7 Re8 29. b3 h6 30. h3 Qc6 31. Rfe1 Rc8 32. Rc1 Qb7 33. Be5 Bg5 34.
Rxc8+ Qxc8 35. Qc3 Qf8 36. h4 Bf6 37. Bxf6 gxf6 38. Qxf6 Kh7 39. Re7 h5 40. Rd7
Qg7 41. Qxg7+ Kxg7 42. Rd6 1-0